Normal view
MARC view
- Askue, Vaughan
Entry Personal Name
001 - CONTROL NUMBER
- control field: 111318
003 - CONTROL NUMBER IDENTIFIER
- control field: NUST
005 - DATE AND TIME OF LATEST TRANSACTION
- control field: 20230324095035.0
008 - FIXED-LENGTH DATA ELEMENTS
- fixed length control field: 230324|| aca||aabn | a|a d
040 ## - CATALOGING SOURCE
- Original cataloging agency: NUST
- Transcribing agency: NUST
100 ## - HEADING--PERSONAL NAME
- Personal name: Askue, Vaughan
670 ## - SOURCE DATA FOUND
- Source citation: Work cat.: (NUST)0: Askue, Vaughan., Flight testing homebuilt aircraft /, 1992.
